| 000 | 02798nac a22003011i 4500 | ||
|---|---|---|---|
| 003 | EG-ScBUE | ||
| 005 | 20240214134750.0 | ||
| 008 | 121217m20042007ua f 000 0 ara d | ||
| 017 | _a2004 / 5997 | ||
| 020 | _a9771803352 | ||
| 040 |
_aEG-ScBUE _bara _erda _cEG-ScBUE _dEG-ScBUE |
||
| 043 | _af-ua--- | ||
| 082 | 0 | 4 |
_a962.03 _bم ب ا _222 |
| 100 | 1 |
_aمبارك، علي _cباشا، _b1239-1311 هـ.. _eمؤلف. |
|
| 245 | 1 | 2 |
_aالخطط التوفيقية الجديدة لمصر والقاهرة ومدنها وبلادها القديمة والشهيرة / _cتأليف علي باشا مبارك. |
| 250 | _aطبعة منقحة. | ||
| 264 | 1 |
_aالقاهرة : _bدار الكتب والوثائق القومية، _c2004-2007. |
|
| 300 |
_a20 مجلد ؛ _c32 سم |
||
| 336 |
_2rdacontent _aنص _btxt |
||
| 337 |
_aبدون وسيط _2rdamedia _bn |
||
| 338 |
_aمجلد _bnc _2rdacarrier |
||
| 505 | _aالمجلد الأول. تاريخ القاهرة ومصر منذ العصر الفاطمي حتى عصر توفيق -- المجلد الثاني. خطط القاهرة وشوارعها ودروبها وحاراتها مرتبة على حروف المعجم منذ عصر المقريزي -- المجلد الثالث. خطط القاهرة وشوارعها ودروبها وحاراتها مرتبة على حروف المعجم منذ عصر المقريزي -- المجلد الرابع. جوامع القاهرة -- المجلد الخامس. جوامع القاهرة -- المجلد السادس. المدارس والزوايا والمساجد والخانقاوات والأسبلة والكنائس مرتبة على حروف المعجم -- المجلد السابع. مدينة الإسكندرية -- المجلد الثامن. من آبة إلى أيلة -- المجلد التاسع. من بابل المصرية إلى بهوت -- المجلد العاشر. من البهنسا إلى دجوة -- المجلد الحادي عشر. من دراو إلى الزينية -- المجلد الثاني عشر. من ساحل سيلين إلى شيمي -- المجلد الثالث عشر. من صا الحجر إلى الظاهرية -- المجلد الرابع عشر. من العائذ إلى القيس -- المجلد الخامس عشر. من كانوب إلى منفلوط -- المجلد السادس عشر -- المجلد السابع عشر -- المجلد الثامن عشر. مقياس النيل -- المجلد التاسع عشر. الرياحات والأباحر والخلجان والترع -- المجلد العشرون. النقود. | ||
| 650 | 7 |
_aالمدن _zمصر. _2BUEsh |
|
| 651 | 7 |
_aمصر _xوصف ورحلات. _2BUEsh |
|
| 651 | 7 |
_aالقاهرة (مصر) _xتاريخ. _2BUEsh |
|
| 655 | _vReading book | ||
| 942 |
_cBB _2ddc |
||
| 999 |
_c8233 _d8233 |
||